Python и наука о данных для чайников (Запись № 11948534)

Подробности
000 -МАРКЕР
контрольное поле 02434nam0a2200457 4500
001 - ИДЕНТИФИКАТОР ЗАПИСИ
контрольное поле RU\NLR\BIBL_A\012445787
005 - ИДЕНТИФИКАТОР ВЕРСИИ
контрольное поле 20210528160506.0
010 ## - МЕЖДУНАРОДНЫЙ СТАНДАРТНЫЙ НОМЕР КНИГИ (ISBN)
Номер (ISBN) 978-5-907203-47-1
Тираж 200
021 ## - НОМЕР ГОСУДАРСТВЕННОЙ РЕГИСТРАЦИИ
Код страны Российская Федерация
Номер КН-П-20-060738
Номер Листа государственной регистраци КН-П-20-4548
035 ## - ДРУГИЕ СИСТЕМНЫЕ НОМЕРА
Идентификатор записи (NLR Aleph) 012445787
035 ## - ДРУГИЕ СИСТЕМНЫЕ НОМЕРА
Идентификатор записи (RuMoRGB)010442054
100 ## - ДАННЫЕ ОБЩЕЙ ОБРАБОТКИ
Данные общей обработки 20210202d2020 u y0rusy50 ca
101 1# - ЯЗЫК РЕСУРСА
Язык текста, звукозаписи и т.д. русский
Язык оригинала английский
Язык резюме английский
102 ## - СТРАНА ПУБЛИКАЦИИ ИЛИ ПРОИЗВОДСТВА
Страна публикации Российская Федерация
105 ## - ПОЛЕ КОДИРОВАННЫХ ДАННЫХ: ТЕКСТОВЫЕ МАТЕРИАЛЫ, МОНОГРАФИЧЕСКИЕ
Кодированные данные о монографическом текстовом документе a|||z|||001zy
181 #0 - ПОЛЕ КОДИРОВАННЫХ ДАННЫХ: ВИД СОДЕРЖАНИЯ
Код вида содержания (ISBD) i
Код характеристики содержания (ISBD) axxe
182 #0 - ПОЛЕ КОДИРОВАННЫХ ДАННЫХ: ТИП СРЕДСТВА
Код типа средства (ISBD) n - непосредственное
200 1# - ЗАГЛАВИЕ И СВЕДЕНИЯ ОБ ОТВЕТСТВЕННОСТИ
Основное заглавие Python и наука о данных для чайников
Сведения, относящиеся к заглавию [изучите программирование на языке Python в целях анализа данных и статистики, пишите код в облаке, используя Google Colab, обменивайтесь данными и визуализируйте информацию]
Первые сведения об ответственности Джон Пол Мюллер и Лука Массарон
Последующие сведения об ответственности перевод с английского и редакция В. А. Коваленко
203 ## - ВИД СОДЕРЖАНИЯ И ТИП СРЕДСТВА
Вид содержания Текст
Дополнительные сведения об издании визуальный
Тип средства непосредственный
205 ## - СВЕДЕНИЯ ОБ ИЗДАНИИ
Сведения об издании 2-е изд.
210 ## - ПУБЛИКАЦИЯ, РАСПРОСТРАНЕНИЕ И ДР.
Место издания, распространения и т.д. Москва
-- Санкт-Петербург
Имя издателя, распространителя и т. д. Диалектика
Дата издания, распространения и т.д. 2020
215 ## - ФИЗИЧЕСКАЯ ХАРАКТЕРИСТИКА
Специфическое обозначение материала и объем 506, [6] с.
Другие сведения о физической характеристике ил., табл.
Размеры 24
225 1# - СЕРИЯ
Основное заглавие серии Ведь это так просто!
225 1# - СЕРИЯ
Основное заглавие серии Для "чайников"
300 ## - ОБЩИЕ ПРИМЕЧАНИЯ
Текст примечания Загл. и авт. ориг.: Python for data science for dummies / by John Paul Mueller and Luca Massaron
300 ## - ОБЩИЕ ПРИМЕЧАНИЯ
Текст примечания Рез. англ.
313 ## - ПРИМЕЧАНИЯ, ОТНОСЯЩИЕСЯ К ТЕМАТИЧЕСКОМУ ДОСТУПУ
Текст примечания 1 изд. нет.
320 ## - ПРИМЕЧАНИЯ О НАЛИЧИИ В ДОКУМЕНТЕ БИБЛИОГРАФИИ / УКАЗАТЕЛЯ
Текст примечания Предм. указ.: с. 501-506
454 #0 - ОРИГИНАЛ (ПЕРЕВОДА)
Встроенное поле 2001#$aPython for data science for dummies$fby John Paul Mueller and Luca Massaron
-- 210##
-- 700#1$aMueller$bJ. P.$gJohn Paul
-- 701#1$aMassaron$bL.$gLuca
Заглавие Python for data science for dummies
Автор Mueller, John Paul
606 1# - НАИМЕНОВАНИЕ ТЕМЫ КАК ПРЕДМЕТ
Наименование темы PYTHON, язык программирования
Системный номер авторитетной/нормативной записи 2208065
Идентификатор авторитетной/нормативной записи RU\NLR\AUTH\661326547
606 1# - НАИМЕНОВАНИЕ ТЕМЫ КАК ПРЕДМЕТ
Наименование темы Информация
Тематический подзаголовок Компьютерная обработка
Системный номер авторитетной/нормативной записи 2104509
Идентификатор авторитетной/нормативной записи RU\NLR\AUTH\661272414
686 1# - ИНДЕКСЫ ДРУГИХ КЛАССИФИКАЦИЙ
Индекс З973.23-018.1
686 1# - ИНДЕКСЫ ДРУГИХ КЛАССИФИКАЦИЙ
Индекс З973.233
700 #1 - ИМЯ ЛИЦА - ПЕРВИЧНАЯ ОТВЕТСТВЕННОСТЬ
Графика поля Кириллица
Материалы, к которым относится поле rus
Начальный элемент ввода Мюллер
Часть имени, кроме начального элемента ввода Д. П.
Дополнения к именам, кроме дат программист
Даты 1958-
Расширение инициалов личного имени Джон Пол
Системный номер авторитетной/нормативной записи 124346
Идентификатор авторитетной/нормативной записи RU\NLR\AUTH\7714676
701 #1 - ИМЯ ЛИЦА - АЛЬТЕРНАТИВНАЯ ОТВЕТСТВЕННОСТЬ
Начальный элемент ввода Массарон
Часть имени, кроме начального элемента ввода Л.
Расширение инициалов личного имени Лука
942 ## - ДОПОЛНИТЕЛЬНЫЕ ЭЛЕМЕНТЫ ЗАПИСИ (АБИС)
Тип экземпляра АБИС Книга
980 ## - КОЛЛЕКЦИЯ
Название коллекции Национальная библиография
980 ## - КОЛЛЕКЦИЯ
Название коллекции НБР

Нет доступных экземпляров.